=LDR 00000nam 2200000 4500 =001 INLIS000000000022932 =005 20130612121633 =008 ***********************************Ind** =035 ##$$0010-061300000022932 =041 ##$$a Ind =082 ##$$a 372.218 =090 ##$$a 372.218, Sus d =100 ##$$a Susilowati, Daru =245 ##$$a Dasar membaca untuk TK 4, Daru Susilowati =260 ##$$a 1999 $b Batam =300 ##$$a 28 hlm, ilus, 21 cm =650 ##$$a Dasar membaca =850 ##$$a NBPNMAT